[Event "SVK-chT 2425"]
[Site "Slovakia"]
[Date "2025.02.15"]
[Round "5.3"]
[White "Stachowiak, Kamil"]
[Black "Rohacek, Miroslav"]
[Result "1-0"]
[WhiteElo "2413"]
[BlackElo "2222"]
[PlyCount "75"]
[EventDate "2024.11.23"]
[EventType "team-tourn"]
[EventRounds "11"]
[EventCountry "SVK"]
[SourceTitle "CB14_2025"]
[SourceDate "2024.11.01"]
[SourceVersion "1"]
[SourceVersionDate "2024.11.01"]
[SourceQuality "1"]
[WhiteTeam "Dunajov/Martin"]
[BlackTeam "Bratislava KSN"]
[WhiteTeamCountry "SVK"]
[BlackTeamCountry "SVK"]

1. d4 Nf6 2. Nf3 d5 3. c4 dxc4 4. Qa4+ Nbd7 5. Qxc4 a6 6. Bf4 c6 7. Nc3 Nb6 8. Qd3 Nbd5 9. Bd2 Bg4 10. e4 Nb4 11. Qb1 Bxf3 12. gxf3 a5 13. a3 Na6 14. d5 g6 15. Qc2 Bg7 16. dxc6 bxc6 17. Na4 0-0 18. Qxc6 Qd7 19. Qxd7 Nxd7 20. Rc1 Bd4 21. Be3 Bxe3 22. fxe3 Rfc8 23. Rxc8+ Rxc8 24. Nc3 Nac5 25. Bb5 Ne5 26. Ke2 Nb7 27. f4 Nc4 28. Bxc4 Rxc4 29. Rd1 Nd6 30. Rd5 a4 31. Rd4 Rc6 32. Rxa4 Nc4 33. Nd5 Kg7 34. Nxe7 Rc5 35. Rb4 f5 36. exf5 Nd6 37. fxg6 hxg6 38. Nxg6 1-0

[Event "SVK-chT 2425"]
[Site "Slovakia"]
[Date "2025.01.18"]
[Round "3.3"]
[White "Kusa, Jakub"]
[Black "Rohacek, Miroslav"]
[Result "1-0"]
[WhiteElo "2405"]
[BlackElo "2222"]
[PlyCount "93"]
[EventDate "2024.11.23"]
[EventType "team-tourn"]
[EventRounds "11"]
[EventCountry "SVK"]
[SourceTitle "CB14_2025"]
[SourceDate "2024.11.01"]
[SourceVersion "1"]
[SourceVersionDate "2024.11.01"]
[SourceQuality "1"]
[WhiteTeam "Dubnica nad Vahom"]
[BlackTeam "Bratislava KSN"]
[WhiteTeamCountry "SVK"]
[BlackTeamCountry "SVK"]

1. d4 Nf6 2. Nf3 e6 3. c4 d5 4. g3 Bb4+ 5. Bd2 Be7 6. Bg2 0-0 7. 0-0 c6 8. Qc2 a5 9. Bf4 Nbd7 10. Nbd2 Nh5 11. Be3 b6 12. Rfd1 Ba6 13. Ne5 Rc8 14. Rac1 Nhf6 15. Ndf3 Nxe5 16. Nxe5 Nd7 17. cxd5 cxd5 18. Nc6 Qe8 19. Nxe7+ Qxe7 20. Qd2 Nf6 21. f3 h6 22. Kf2 Qd7 23. g4 Rxc1 24. Rxc1 Rc8 25. h4 Rxc1 26. Qxc1 Qc8 27. Qxc8+ Bxc8 28. Bf4 Ne8 29. Bb8 a4 30. e3 Bd7 31. Bf1 Bc6 32. Ke1 g5 33. hxg5 hxg5 34. Kd2 f5 35. Be5 Kf7 36. Kc3 Nf6 37. Kb4 fxg4 38. Bxf6 Kxf6 39. fxg4 e5 40. Bb5 a3 41. bxa3 Bb7 42. Be2 Bc6 43. a4 e4 44. a5 bxa5+ 45. Kxa5 Ke6 46. Bd1 Kd6 47. Kb6 1-0

[Event "SVK-chT1W 2324"]
[Site "Slovakia"]
[Date "2023.10.22"]
[Round "2.5"]
[White "Slobodnik, Michal"]
[Black "Rohacek, Miroslav"]
[Result "0-1"]
[WhiteElo "1985"]
[BlackElo "2225"]
[PlyCount "72"]
[EventDate "2023.10.21"]
[EventType "team-tourn"]
[EventRounds "11"]
[EventCountry "SVK"]
[SourceTitle "EXT 2025"]
[Source "ChessBase"]
[SourceDate "2024.10.14"]
[SourceVersion "1"]
[SourceVersionDate "2024.10.14"]
[SourceQuality "1"]
[WhiteTeam "Trnava Sered"]
[BlackTeam "Bratislava KSN"]
[WhiteTeamCountry "SVK"]
[BlackTeamCountry "SVK"]

1. b3 Nf6 2. Bb2 g6 3. g3 Bg7 4. Bg2 d5 5. d3 c5 6. e3 Nc6 7. Nd2 e5 8. h3 Be6 9. a3 0-0 10. Ne2 Qd7 11. b4 cxb4 12. axb4 a6 13. Nb3 Qc7 14. 0-0 Rfe8 15. Qd2 Bf8 16. Ba3 Na7 17. Nc5 Bc8 18. c4 dxc4 19. dxc4 Rb8 20. Nc3 b5 21. Nd5 Nxd5 22. cxd5 Bd6 23. e4 Bb7 24. Rac1 Qe7 25. Qe3 Nc8 26. Nd3 Ba8 27. Bb2 Nb6 28. f4 f6 29. fxe5 fxe5 30. h4 Nc4 31. Rxc4 bxc4 32. Nf4 exf4 33. gxf4 Rxb4 34. Bd4 Rb3 35. Qf2 Rd3 36. Ba7 Bxf4 0-1

[Event "SVK-chT 2223"]
[Site "Slovakia"]
[Date "2023.04.02"]
[Round "11.2"]
[White "Holly, Andrej"]
[Black "Rohacek, Miroslav"]
[Result "1-0"]
[WhiteElo "2174"]
[BlackElo "2197"]
[PlyCount "51"]
[EventDate "2022.10.22"]
[EventType "team-tourn"]
[EventRounds "11"]
[EventCountry "SVK"]
[SourceTitle "EXT 2024"]
[Source "ChessBase"]
[SourceDate "2023.10.10"]
[SourceVersion "1"]
[SourceVersionDate "2023.10.10"]
[SourceQuality "1"]
[WhiteTeam "Liptov Chess School"]
[BlackTeam "Osuske"]
[WhiteTeamCountry "SVK"]
[BlackTeamCountry "SVK"]

1. e4 c5 2. Nf3 d6 3. d4 cxd4 4. Nxd4 Nf6 5. Nc3 a6 6. Be2 e5 7. Nf3 h6 8. Nd2 Be6 9. Nc4 b5 10. Ne3 Nbd7 11. a4 bxa4 12. Rxa4 Nc5 13. Ra1 Ncxe4 14. Nxe4 Nxe4 15. Bxa6 Rb8 16. Nd5 Nf6 17. c4 Nxd5 18. cxd5 Bd7 19. 0-0 Be7 20. f4 exf4 21. Bxf4 0-0 22. Qf3 Rxb2 23. Bd3 Bg5 24. Bxg5 Qxg5 25. Ra7 Bg4 26. Qxf7+ 1-0

[Event "Pula op 34th"]
[Site "Pula"]
[Date "2022.06.20"]
[Round "4"]
[White "Nikcevic, Nebojsa"]
[Black "Rohacek, Miroslav"]
[Result "1-0"]
[WhiteElo "2387"]
[BlackElo "2188"]
[PlyCount "83"]
[EventDate "2022.06.18"]
[EventType "swiss"]
[EventRounds "9"]
[EventCountry "CRO"]
[SourceTitle "CBM 209 Extra"]
[Source "ChessBase"]
[SourceDate "2022.09.30"]
[SourceVersion "1"]
[SourceVersionDate "2022.09.30"]
[SourceQuality "1"]

1. c4 e5 2. Nc3 Nf6 3. Nf3 Nc6 4. e3 Bb4 5. Qc2 Bxc3 6. Qxc3 Qe7 7. d4 e4 8. Nd2 d5 9. a3 a5 10. cxd5 Nxd5 11. Qc2 f5 12. Bb5 Bd7 13. Nb3 0-0 14. Bc4 Qd6 15. Nc5 Bc8 16. 0-0 b6 17. Na4 Be6 18. Bd2 Nce7 19. Rfc1 Rf6 20. g3 Raf8 21. b4 axb4 22. Bxb4 Nxb4 23. axb4 Qxb4 24. Bxe6+ Rxe6 25. Rab1 Qa5 26. Qb3 Rff6 27. Rxc7 Nd5 28. Rc8+ Kf7 29. Nc5 Ne7 30. Nxe6 Nxc8 31. Nc7+ Kg6 32. Nd5 Rf8 33. Nf4+ Kh6 34. Qe6+ g6 35. h4 Qa4 36. h5 Qe8 37. hxg6 hxg6 38. Kg2 Kg7 39. Rc1 Rg8 40. Rc7+ Kh6 41. Qf6 Qf8 42. Qh4# 1-0

[Event "SVK-chT1W 2122"]
[Site "Slovakia"]
[Date "2022.03.20"]
[Round "6.3"]
[White "Barczi, Tibor"]
[Black "Rohacek, Miroslav"]
[Result "0-1"]
[WhiteElo "2000"]
[BlackElo "2182"]
[PlyCount "78"]
[EventDate "2021.11.06"]
[EventType "team-tourn"]
[EventRounds "11"]
[EventCountry "SVK"]
[SourceTitle "EXT 2023"]
[Source "ChessBase"]
[SourceDate "2022.10.05"]
[SourceVersion "1"]
[SourceVersionDate "2022.10.05"]
[SourceQuality "1"]
[WhiteTeam "Batorove Kosihy"]
[BlackTeam "Bratislava KSN"]
[WhiteTeamCountry "SVK"]
[BlackTeamCountry "SVK"]

1. e4 c5 2. Nf3 d6 3. d4 cxd4 4. Nxd4 Nf6 5. Nc3 a6 6. Be2 e5 7. Nb3 Be7 8. Be3 0-0 9. a4 Be6 10. 0-0 Nc6 11. f3 Rc8 12. Nd5 Bxd5 13. exd5 Nb4 14. c4 a5 15. Bd2 Nh5 16. g3 f5 17. Kg2 Nf6 18. Nxa5 Qb6 19. Qb3 Qxa5 20. Qxb4 Qc7 21. Qa5 Qb8 22. Be3 f4 23. gxf4 exf4 24. Bxf4 Nh5 25. Bg3 Nf4+ 26. Bxf4 Rxf4 27. Bd3 Rcf8 28. Qe1 Bf6 29. Qe6+ Kh8 30. Rae1 Bxb2 31. Qh3 h6 32. Qh5 R4f6 33. Re7 Qc8 34. Rfe1 Be5 35. Rb1 Rxf3 36. Be4 Rf2+ 37. Kg1 Qxc4 38. Re8 Rf1+ 39. Kg2 Qxe4+ 0-1

[Event "SVK-chT1W 2122"]
[Site "Slovakia"]
[Date "2022.02.27"]
[Round "4.3"]
[White "Rohacek, Miroslav"]
[Black "Meszaros, Norbert"]
[Result "1/2-1/2"]
[WhiteElo "2182"]
[BlackElo "2101"]
[PlyCount "103"]
[EventDate "2021.11.06"]
[EventType "team-tourn"]
[EventRounds "11"]
[EventCountry "SVK"]
[SourceTitle "EXT 2023"]
[Source "ChessBase"]
[SourceDate "2022.10.05"]
[SourceVersion "1"]
[SourceVersionDate "2022.10.05"]
[SourceQuality "1"]
[WhiteTeam "Bratislava KSN"]
[BlackTeam "Bratislava Lokomotiva"]
[WhiteTeamCountry "SVK"]
[BlackTeamCountry "SVK"]

1. e4 d6 2. d4 Nf6 3. Nc3 Nbd7 4. f4 e5 5. Nf3 exd4 6. Qxd4 c6 7. Be3 d5 8. 0-0-0 Bc5 9. Qd2 Bxe3 10. Qxe3 Qe7 11. Re1 dxe4 12. Bd3 0-0 13. Nxe4 Nxe4 14. Bxe4 Qc5 15. Qd2 Nf6 16. Bd3 Be6 17. Re5 Qb6 18. Nd4 Bxa2 19. Nf5 Rfd8 20. Qc3 a5 21. Rhe1 Qb4 22. Qxb4 axb4 23. Re7 Be6 24. R1xe6 fxe6 25. Nxg7 Nd5 26. Rxb7 Ra1+ 27. Kd2 Nxf4 28. g3 Nxd3 29. cxd3 Rh1 30. h4 Rh2+ 31. Ke3 Rxb2 32. Nh5 Rf8 33. g4 c5 34. g5 Rbf2 35. Nf6+ R2xf6 36. gxf6 Rxf6 37. Ke4 Rf7 38. Rb6 Kg7 39. Rxe6 Rb7 40. Kd5 b3 41. Re1 Rd7+ 42. Kc4 Rd4+ 43. Kxb3 Rxd3+ 44. Kc4 Rd4+ 45. Kxc5 Rxh4 46. Kd5 Rf4 47. Ke5 Rf2 48. Re4 h5 49. Rf4 Rxf4 50. Kxf4 h4 51. Kg4 h3 52. Kxh3 1/2-1/2

[Event "SVK-chT 1920"]
[Site "Slovakia"]
[Date "2020.02.29"]
[Round "7.2"]
[White "Rohacek, Miroslav"]
[Black "Kociscak, Jiri"]
[Result "0-1"]
[WhiteElo "2222"]
[BlackElo "2510"]
[PlyCount "74"]
[EventDate "2019.10.19"]
[EventType "team-tourn"]
[EventRounds "11"]
[EventCountry "SVK"]
[SourceTitle "CBM 195 Extra"]
[Source "ChessBase"]
[SourceDate "2020.05.31"]
[SourceVersion "1"]
[SourceVersionDate "2020.05.31"]
[SourceQuality "1"]
[WhiteTeam "Bratislava KSN"]
[BlackTeam "Zilina Mladost"]
[WhiteTeamCountry "SVK"]
[BlackTeamCountry "SVK"]

1. e4 e5 2. Nf3 Nc6 3. Nc3 Nf6 4. Bb5 Bd6 5. d3 h6 6. a3 0-0 7. 0-0 Re8 8. Be3 Bf8 9. Bc4 d6 10. h3 Be6 11. Bxe6 fxe6 12. d4 exd4 13. Nxd4 Nxd4 14. Qxd4 d5 15. exd5 exd5 16. Rad1 c5 17. Qd3 d4 18. Qc4+ Kh8 19. Bf4 Qb6 20. Ne2 Rad8 21. Ng3 Nd5 22. Bc1 Qe6 23. Bd2 Qc6 24. Rfe1 b5 25. Qd3 c4 26. Qxd4 Bc5 27. Rxe8+ Rxe8 28. Qg4 Bxf2+ 29. Kh1 Nf6 30. Qg6 Bxg3 31. Qxg3 Rd8 32. Qf3 Qd5 33. Kh2 Rd7 34. Qe3 a5 35. b4 axb4 36. axb4 Qd4 37. Qf3 c3 0-1

[Event "Skalica op"]
[Site "Skalica"]
[Date "2020.01.11"]
[Round "1"]
[White "Rohacek, Miroslav"]
[Black "Kadlcik, Petr"]
[Result "1-0"]
[WhiteElo "2205"]
[BlackElo "1545"]
[PlyCount "62"]
[EventDate "2020.01.11"]
[EventType "swiss"]
[EventRounds "9"]
[EventCountry "SVK"]
[SourceTitle "CBM 194 Extra"]
[Source "ChessBase"]
[SourceDate "2020.03.31"]
[SourceVersion "1"]
[SourceVersionDate "2020.03.31"]
[SourceQuality "1"]

1. Nf3 Nf6 2. c4 c5 3. Nc3 Nc6 4. d4 cxd4 5. Nxd4 e5 6. Nc2 Be7 7. g3 d6 8. Bg2 Rb8 9. 0-0 0-0 10. Bg5 Be6 11. b3 Re8 12. Qd2 Qc7 13. Nb5 Qb6 14. Be3 Qd8 15. Nxa7 Nxa7 16. Bxa7 Ra8 17. Be3 Qc7 18. Nb4 Rad8 19. Rac1 Ng4 20. Nd5 Qb8 21. Bb6 Rd7 22. Rfd1 h6 23. a4 Bd8 24. h3 Nf6 25. Qb4 Nxd5 26. cxd5 Bf5 27. Qb5 Bxb6 28. Qxb6 e4 29. e3 Rc8 30. Bf1 Rdc7 31. Qxd6 Rxc1 1-0

[Event "SVK-chT 1920"]
[Site "Slovakia"]
[Date "2019.11.23"]
[Round "3.5"]
[White "Rohacek, Miroslav"]
[Black "Miesbauer, Jan"]
[Result "0-1"]
[WhiteElo "2222"]
[BlackElo "2382"]
[PlyCount "66"]
[EventDate "2019.10.19"]
[EventType "team-tourn"]
[EventRounds "11"]
[EventCountry "SVK"]
[SourceTitle "CBM 193 Extra"]
[Source "ChessBase"]
[SourceDate "2020.01.31"]
[SourceVersion "1"]
[SourceVersionDate "2020.01.31"]
[SourceQuality "1"]
[WhiteTeam "Bratislava KSN"]
[BlackTeam "Liptov Chess School"]
[WhiteTeamCountry "SVK"]
[BlackTeamCountry "SVK"]

1. d4 Nf6 2. Nf3 g6 3. g3 Bg7 4. Bg2 0-0 5. 0-0 d6 6. b3 e5 7. dxe5 dxe5 8. Bb2 e4 9. Ng5 Qe7 10. Nc3 Rd8 11. Qc1 Bf5 12. g4 Bxg4 13. Ngxe4 Nc6 14. Qf4 Nxe4 15. Bxe4 Be6 16. Bxc6 bxc6 17. Na4 Bxb2 18. Nxb2 Rd5 19. e4 Rg5+ 20. Kh1 Rg4 21. Qd2 Rxe4 22. f3 Bd5 23. Rf2 Re3 24. Raf1 Rd8 25. Nd3 c5 26. Qc3 Qg5 27. Qa5 c4 28. Rg2 Qf6 29. bxc4 Rxf3 30. Rfg1 Ba8 31. Qxc7 Re8 32. Nb4 Rf1 33. Nd5 Rxg1+ 0-1

[Event "SVK-chT1W 1819"]
[Site "Slovakia"]
[Date "2019.03.17"]
[Round "11.4"]
[White "Rohacek, Miroslav"]
[Black "Darazs, Zoltan"]
[Result "1-0"]
[WhiteElo "2218"]
[BlackElo "2019"]
[PlyCount "77"]
[EventDate "2018.10.27"]
[EventType "team-tourn"]
[EventRounds "11"]
[EventCountry "SVK"]
[SourceTitle "CBM 189 Extra"]
[Source "ChessBase"]
[SourceDate "2019.05.31"]
[SourceVersion "1"]
[SourceVersionDate "2019.05.31"]
[SourceQuality "1"]
[WhiteTeam "Bratislava KSN"]
[BlackTeam "Dunajska Streda"]
[WhiteTeamCountry "SVK"]
[BlackTeamCountry "SVK"]

1. Nf3 Nf6 2. c4 g6 3. Nc3 d5 4. cxd5 Nxd5 5. e4 Nxc3 6. dxc3 Qxd1+ 7. Kxd1 Bg7 8. Bf4 c6 9. Kc2 Nd7 10. a4 e5 11. Be3 Nf6 12. Nxe5 Nxe4 13. Nc4 Bf5 14. Bd3 0-0 15. Rhd1 Rfd8 16. g4 Be6 17. Bxe4 Bxc4 18. Rxd8+ Rxd8 19. Bxa7 Bh6 20. Be3 Bxe3 21. fxe3 Be2 22. a5 Re8 23. Ra4 f5 24. gxf5 gxf5 25. Bxf5 Rxe3 26. Rh4 Re7 27. Re4 Rxe4 28. Bxe4 h6 29. Kb3 Kf7 30. Kb4 Ke7 31. Kc5 Kd7 32. Kb6 Kc8 33. b4 Bb5 34. Bf5+ Kb8 35. Be6 Be2 36. Bd7 Bf3 37. a6 bxa6 38. Bxc6 Be2 39. Bb7 1-0

[Event "SVK-chT1W 1819"]
[Site "Slovakia"]
[Date "2019.03.16"]
[Round "10.4"]
[White "Ruck, Tamas"]
[Black "Rohacek, Miroslav"]
[Result "1-0"]
[WhiteElo "2323"]
[BlackElo "2218"]
[PlyCount "73"]
[EventDate "2018.10.27"]
[EventType "team-tourn"]
[EventRounds "11"]
[EventCountry "SVK"]
[SourceTitle "CBM 189 Extra"]
[Source "ChessBase"]
[SourceDate "2019.05.31"]
[SourceVersion "1"]
[SourceVersionDate "2019.05.31"]
[SourceQuality "1"]
[WhiteTeam "Gabcikovo MSK"]
[BlackTeam "Bratislava KSN"]
[WhiteTeamCountry "SVK"]
[BlackTeamCountry "SVK"]

1. e4 c5 2. Nf3 d6 3. d4 cxd4 4. Nxd4 Nf6 5. Nc3 a6 6. h3 e5 7. Nde2 h5 8. g3 Nbd7 9. a4 b6 10. Bg2 Bb7 11. 0-0 Be7 12. Be3 Rc8 13. Nd5 Nxd5 14. exd5 h4 15. Qd2 f5 16. f4 0-0 17. g4 fxg4 18. hxg4 Nf6 19. fxe5 Nxg4 20. Bh3 Nxe5 21. Be6+ Kh8 22. Nf4 g5 23. Nh5 Qe8 24. Qe2 Qg6 25. Bd4 Rxc2 26. Bxe5+ Kh7 27. Rxf8 Bxf8 28. Nf6+ Kh8 29. Ne4+ dxe5 30. Qxc2 Bc5+ 31. Kh2 g4 32. Qe2 g3+ 33. Kh3 Bxd5 34. Bxd5 Qf5+ 35. Qg4 Qxg4+ 36. Kxg4 Bd4 37. Ng5 1-0

[Event "SVK-chT1W 1819"]
[Site "Slovakia"]
[Date "2018.10.28"]
[Round "2.2"]
[White "Kavon, Rastislav"]
[Black "Rohacek, Miroslav"]
[Result "0-1"]
[WhiteElo "2185"]
[BlackElo "2251"]
[PlyCount "60"]
[EventDate "2018.10.27"]
[EventType "team-tourn"]
[EventRounds "11"]
[EventCountry "SVK"]
[SourceTitle "CBM 187 Extra"]
[Source "ChessBase"]
[SourceDate "2018.11.04"]
[SourceVersion "1"]
[SourceVersionDate "2018.11.04"]
[SourceQuality "1"]
[WhiteTeam "Trnava Sered"]
[BlackTeam "Bratislava KSN"]
[WhiteTeamCountry "SVK"]
[BlackTeamCountry "SVK"]

1. e4 c5 2. Nf3 d6 3. d4 cxd4 4. Nxd4 Nf6 5. Nc3 a6 6. h3 e5 7. Nb3 Be7 8. f4 Nc6 9. Be2 exf4 10. Bxf4 Be6 11. Qd2 0-0 12. 0-0-0 Ne5 13. g4 Rc8 14. g5 Nfd7 15. h4 Nb6 16. h5 Re8 17. Rh2 Nbc4 18. Bxc4 Nxc4 19. Qg2 Qc7 20. Nd5 Bxd5 21. Rxd5 Bf8 22. Qf3 a5 23. Nd4 Qb6 24. c3 Rc5 25. Rf5 Rxf5 26. Nxf5 d5 27. e5 Nxb2 28. Nd4 Ba3 29. Kc2 Rc8 30. Be3 Na4 0-1

[Event "SVK-chT1W 1819"]
[Site "Slovakia"]
[Date "2018.10.27"]
[Round "1.2"]
[White "Rohacek, Miroslav"]
[Black "Jakubek, Peter"]
[Result "1-0"]
[WhiteElo "2251"]
[BlackElo "2138"]
[PlyCount "197"]
[EventDate "2018.10.27"]
[EventType "team-tourn"]
[EventRounds "11"]
[EventCountry "SVK"]
[SourceTitle "CBM 187 Extra"]
[Source "ChessBase"]
[SourceDate "2018.11.04"]
[SourceVersion "1"]
[SourceVersionDate "2018.11.04"]
[SourceQuality "1"]
[WhiteTeam "Bratislava KSN"]
[BlackTeam "Dubnica nad Vahom II"]
[WhiteTeamCountry "SVK"]
[BlackTeamCountry "SVK"]

1. d4 b6 2. e4 Bb7 3. Bd3 Nf6 4. Qe2 Nc6 5. c3 e5 6. d5 Nb8 7. Nf3 d6 8. 0-0 Be7 9. Nbd2 0-0 10. a4 c6 11. dxc6 Bxc6 12. Rd1 Nbd7 13. Bc2 Qc7 14. Nf1 Rfe8 15. Ng3 d5 16. exd5 Bxd5 17. Nf5 Bf8 18. Ne3 Bb7 19. c4 Rad8 20. b3 a6 21. Bb2 e4 22. Nd2 Bd6 23. Ndf1 Be5 24. Bxe5 Qxe5 25. a5 bxa5 26. Qd2 Nf8 27. Qxa5 Qxa5 28. Rxa5 Ne6 29. b4 Nd4 30. Ba4 Ne2+ 31. Kh1 Rxd1 32. Bxd1 Nc1 33. Kg1 Rd8 34. Rc5 Nd3 35. Rc7 Rd7 36. Rxd7 Nxd7 37. Nc2 N7e5 38. Nfe3 f5 39. Nxf5 Nxc4 40. Ncd4 Nd2 41. b5 axb5 42. Nxb5 Ba6 43. Nbd6 Nb2 44. Bg4 Nbc4 45. Ne8 g6 46. Nd4 Ne5 47. Be6+ Kf8 48. Nc7 Bd3 49. Bd5 Nec4 50. Nce6+ Ke7 51. Nf4 Kd6 52. Bg8 Ke5 53. Nfe6 h6 54. Nc6+ Kf6 55. Nf4 Bb1 56. Nd5+ Kg7 57. Be6 Nd6 58. Ncb4 Nf5 59. Nc3 Bd3 60. Nxd3 exd3 61. Bxf5 gxf5 62. Nd1 f4 63. Nb2 f3 64. Nxd3 Kf6 65. gxf3 Nxf3+ 66. Kg2 Nd2 67. h3 Kf5 68. Nc5 h5 69. Kg3 Kg5 70. Ne6+ Kf5 71. Nd4+ Ke4 72. Ne6 Kf5 73. Nc5 Kg5 74. f3 Nc4 75. Nb3 h4+ 76. Kf2 Ne5 77. Nc1 Kf5 78. Ne2 Nd3+ 79. Ke3 Nb4 80. Nd4+ Ke5 81. f4+ Kd5 82. Nf5 Nc2+ 83. Kf3 Ne1+ 84. Kg4 Ke4 85. Nxh4 Nd3 86. f5 Nf2+ 87. Kg3 Nd3 88. f6 Ne5 89. Nf3 Nd7 90. f7 Kf5 91. h4 Kf6 92. Ng5 Kg7 93. Kf4 Kg6 94. Ke4 Kh5 95. Kf5 Nf8 96. Nf3 Ng6 97. Kf6 Nf8 98. Ne5 Nh7+ 99. Kg7 1-0

[Event "SVK-chT 1718"]
[Site "Slovakia"]
[Date "2018.03.02"]
[Round "9.5"]
[White "Rohacek, Miroslav"]
[Black "Michalik, Peter"]
[Result "0-1"]
[WhiteElo "2266"]
[BlackElo "2546"]
[PlyCount "48"]
[EventDate "2017.09.30"]
[EventType "team-tourn"]
[EventRounds "11"]
[EventCountry "SVK"]
[SourceTitle "EXT 2019"]
[Source "ChessBase"]
[SourceDate "2018.10.10"]
[SourceVersion "1"]
[SourceVersionDate "2018.10.10"]
[SourceQuality "1"]
[WhiteTeam "Osuske"]
[BlackTeam "Modra"]
[WhiteTeamCountry "SVK"]
[BlackTeamCountry "SVK"]

1. d4 Nf6 2. Nf3 g6 3. c4 Bg7 4. Nc3 d5 5. e3 0-0 6. Qb3 e6 7. Be2 Nc6 8. Ne5 Ne7 9. 0-0 b6 10. Rd1 Bb7 11. a4 a5 12. c5 Ne4 13. Nd3 Ba6 14. cxb6 cxb6 15. Nf4 Bb7 16. Bd2 Nxd2 17. Rxd2 Rc8 18. Rc2 Nf5 19. Nb5 Rxc2 20. Qxc2 Qb8 21. Rc1 Nxd4 22. Nxd4 Bxd4 23. exd4 Qxf4 24. Qc7 Qd2 0-1

[Event "SVK-chT 1718"]
[Site "Slovakia"]
[Date "2017.12.10"]
[Round "6.5"]
[White "Jakubiec, Artur"]
[Black "Rohacek, Miroslav"]
[Result "1-0"]
[WhiteElo "2502"]
[BlackElo "2266"]
[PlyCount "79"]
[EventDate "2017.09.30"]
[EventType "team-tourn"]
[EventRounds "11"]
[EventCountry "SVK"]
[SourceTitle "EXT 2019"]
[Source "ChessBase"]
[SourceDate "2018.10.10"]
[SourceVersion "1"]
[SourceVersionDate "2018.10.10"]
[SourceQuality "1"]
[WhiteTeam "Dunajov Inbest"]
[BlackTeam "Osuske"]
[WhiteTeamCountry "SVK"]
[BlackTeamCountry "SVK"]

1. e4 c5 2. Ne2 d6 3. g3 Nf6 4. Bg2 g6 5. c3 Bg7 6. d4 0-0 7. 0-0 e5 8. d5 b5 9. a4 b4 10. a5 Na6 11. Nd2 Rb8 12. Nc4 Nh5 13. f4 bxc3 14. bxc3 exf4 15. gxf4 Bg4 16. Bd2 Qd7 17. Re1 Rfe8 18. Qc2 Nb4 19. cxb4 Bxa1 20. bxc5 Bxe2 21. Rxa1 dxc5 22. Ne5 Qb5 23. Qc1 c4 24. Nc6 Bd3 25. e5 Qb2 26. Nxb8 Rxb8 27. d6 Qb5 28. a6 g5 29. Be3 Qd7 30. fxg5 Rb5 31. Qc3 Qg4 32. Qd4 Qxd4 33. Bxd4 Nf4 34. Bxa7 Rxe5 35. d7 Ne6 36. Bb6 Rxg5 37. a7 Be4 38. a8Q+ Bxa8 39. Rxa8+ Kg7 40. Re8 1-0

[Event "SVK-chT1W 1718"]
[Site "Slovakia"]
[Date "2017.12.03"]
[Round "6.1"]
[White "Kostolansky, Sebastian Lukas"]
[Black "Rohacek, Miroslav"]
[Result "1/2-1/2"]
[WhiteElo "2226"]
[BlackElo "2255"]
[PlyCount "82"]
[EventDate "2017.10.21"]
[EventType "team-tourn"]
[EventRounds "11"]
[EventCountry "SVK"]
[SourceTitle "EXT 2019"]
[Source "ChessBase"]
[SourceDate "2018.10.10"]
[SourceVersion "1"]
[SourceVersionDate "2018.10.10"]
[SourceQuality "1"]
[WhiteTeam "Bratislava Slovan III"]
[BlackTeam "Bratislava KSN"]
[WhiteTeamCountry "SVK"]
[BlackTeamCountry "SVK"]

1. e4 c5 2. Nf3 d6 3. c3 Nf6 4. h3 Nc6 5. Bd3 d5 6. exd5 Qxd5 7. Qe2 Bf5 8. Bc4 Qd7 9. 0-0 e6 10. d4 a6 11. Rd1 cxd4 12. cxd4 Be7 13. Nc3 0-0 14. d5 Nxd5 15. Nxd5 exd5 16. Bxd5 Qc7 17. Be3 Rad8 18. Rac1 Qa5 19. Bxc6 bxc6 20. Rxd8 Qxd8 21. Nd4 Bc8 22. Nxc6 Qd7 23. Nxe7+ Qxe7 24. Qc2 Qe6 25. Qc7 h5 26. b3 Qg6 27. Kh2 Be6 28. Qb6 Qd3 29. Qd4 Qxd4 30. Bxd4 Rc8 31. Rxc8+ Bxc8 32. Kg3 Kf8 33. Kf4 Bb7 34. g3 g6 35. Ke3 Bc8 36. h4 Bf5 37. Kd2 Ke7 38. Kc3 Kd6 39. a4 Kd5 40. Be3 Bg4 41. Bd4 Bf3 1/2-1/2

[Event "SVK-chT1W 1718"]
[Site "Slovakia"]
[Date "2017.12.02"]
[Round "5.1"]
[White "Rohacek, Miroslav"]
[Black "Maslik, Miroslav"]
[Result "1/2-1/2"]
[WhiteElo "2255"]
[BlackElo "2360"]
[PlyCount "60"]
[EventDate "2017.10.21"]
[EventType "team-tourn"]
[EventRounds "11"]
[EventCountry "SVK"]
[SourceTitle "EXT 2019"]
[Source "ChessBase"]
[SourceDate "2018.10.10"]
[SourceVersion "1"]
[SourceVersionDate "2018.10.10"]
[SourceQuality "1"]
[WhiteTeam "Bratislava KSN"]
[BlackTeam "Bratislava Lokomotiva"]
[WhiteTeamCountry "SVK"]
[BlackTeamCountry "SVK"]

1. d4 Nf6 2. Nf3 e6 3. g3 b5 4. Bg2 Bb7 5. a4 a6 6. 0-0 Be7 7. c3 0-0 8. Qb3 Bd5 9. Qc2 Be4 10. Qb3 Nc6 11. axb5 axb5 12. Rxa8 Qxa8 13. Nbd2 Qa4 14. Qxa4 bxa4 15. Nxe4 Nxe4 16. Ne1 d5 17. Bxe4 dxe4 18. f3 exf3 19. Rxf3 Rb8 20. Nd3 Rb3 21. Rf1 Bd6 22. Bd2 e5 23. dxe5 Nxe5 24. Nxe5 Bxe5 25. Bf4 Bf6 26. Ra1 Rxb2 27. Rxa4 h5 28. Kf2 c5 29. Bd6 Bxc3 30. Bxc5 Bf6 1/2-1/2